| 000 | 00525nam a2200169 a 4500 | ||
|---|---|---|---|
| 005 | 20140412111306.0 | ||
| 008 | 010502s19uu xx 00 eng d | ||
| 020 | _a0-590-70040-5 | ||
| 050 |
_aTR(PS E _bSp31 |
||
| 100 | _aWittman, Sally | ||
| 245 |
_aA special swap : _b(original title: a special trade) / _cby Sally Wittman; pictures by Karen Gundersheimer. |
||
| 260 |
_aLondon : _bA Hippo Book, _c1978. |
||
| 300 | _a1v. (unp.) ; ill. | ||
| 650 | _aChildren's stories | ||
| 650 | _aFriendship-Fiction | ||
| 999 |
_c103663 _d103663 |
||